| 000 | 00360cam a2200145ua 4500 | ||
|---|---|---|---|
| 003 | OSt | ||
| 008 | 250610b |||||||| |||| 00| 0 eng d | ||
| 041 | _aeng | ||
| 082 |
_a624.17 _bWAR/ST |
||
| 100 |
_aWarnock, F. V . _97560 |
||
| 245 | _aStrength of materials / | ||
| 260 |
_aLondon : _bSir Isaac Pitman & Sons Ltd , _c1962. |
||
| 300 | _a431 ; . | ||
| 942 | _cBK | ||
| 999 |
_c9267 _d9267 |
||